| 000 | 01127nkm a22002417a 4500 | ||
|---|---|---|---|
| 001 | 85813 | ||
| 005 | 20260421102117.0 | ||
| 007 | kf bc | ||
| 008 | 260416s18991904sp ||||| |||| |0| i|spa d | ||
| 040 |
_aM-RABA _bspa _cM-RABA |
||
| 245 | 1 | 1 |
_a[Retrato de Johann Heinrich Pestalozzi] _c/ Hauser y Menet _h[Material gráfico] |
| 260 |
_a: Madrid _b: Hauser y Menet _c[1899-1904?] |
||
| 300 |
_a1 fotografía _b: Fototipia _c; imagen 22,5 x 16 cm |
||
| 500 | 0 | 0 | _aFotograbado del retrato de Johann Heinrich Postalozzi. |
| 500 | 0 | 0 | _aObra original de Francisco Javier Ramos y Albertos, conservada en el Museo de la Real Academia de Bellas Artes de San Fernando (número de inventario 0700). |
| 500 | 0 | 0 | _aFechas tomadas del mayor auge del estudio fotográfico |
| 600 | 1 | 7 |
_aPestalozzi, Johann Heinrich ( _d1746-1827) _970460 |
| 655 | 7 |
_aFotografías de obras de arte _975675 |
|
| 710 | 2 |
_aHauser y Menet (Madrid) _950978 |
|
| 852 | _jFot-657 | ||
| 856 |
_uhttps://archivoybiblioteca.realacademiabellasartessanfernando.com/cgi-bin/koha/opac-retrieve-file.pl?id=9fe6214aae6b1e6a133e6569d9400704 _yFot-657 |
||
| 942 |
_cFOTOGRAFÍA _n0 |
||
| 999 |
_c85813 _d85813 |
||